La Histeria y la Hipnosis.
Guardado en:
| Formato: | |
|---|---|
| Series: | Historia de la Psicología
|
| Materias: | |
| Etiquetas: |
Agregar Etiqueta
Sin Etiquetas, Sea el primero en etiquetar este registro!
|
| LEADER | 00927ngm a22002415g 4500 | ||
|---|---|---|---|
| 001 | CEM.cems022973 | ||
| 008 | 130507b2010##################0###0#####d | ||
| 005 | 20241128135506.0 | ||
| 245 | 0 | 0 | |a La Histeria y la Hipnosis. |
| 300 | |a 27'. | ||
| 490 | 0 | |a Historia de la Psicología | |
| 500 | |a En soporte VHS, consultar en ventanilla. | ||
| 505 | 0 | |a La histeria: antecedentes históricos. Síntomas. Investigaciones a partir de la hipnosis. Naturaleza de los fenómenos histéricos. La autosugestión. Freud y su utilización de la hipnosis. El psicoanálisis. | |
| 538 | |a Soporte: VHS - Norma: Pal N - Color: Si - Grabación DRD 2010 - Hitachi=2465 | ||
| 082 | 1 | 5 | |/ HIS-1 |
| 653 | |a PSICOLOGIA | ||
| 653 | |a HISTERIA | ||
| 653 | |a HIPNOSIS | ||
| 653 | |a FREUD | ||
| 653 | |a PSICOANALISIS | ||
| 653 | |a NIVEL PRIMARIO | ||
| 653 | |a NIVEL SECUNDARIO | ||
| 859 | |a CEMS |b BIB. CEMS - Depto. Recursos Didacticos |h 150 |i HIS-1 |k DRD |p 1616.12 |t Ej.1 | ||
